Länder Asiens nach Buchstaben M-O - Statistiken

Allgemein
  • Dieses Quiz wurde 70 mal gespielt
  • Das Durchschnittsergebnis liegt bei 7 aus 8
Antwortstatistiken
- Land % Korrekt
O Oman
98%
M Malaysia
95%
O Osttimor
95%
M Mongolei
94%
M Myanmar
94%
N Nepal
94%
N Nordkorea
90%
M Malediven
84%
Keine übereinstimmenden Quizze gefunden
Verteilung der Resultate
Anzahl Personen mit jedem Resultat
Perzentil nach korrekt beantworteten Fragen
Ihre Resultats-Entwicklung
Sie haben dieses Quiz noch nicht gespielt